Detalles MARC
| 000 -LÍDER |
| Campo fijo de descripción fija |
01653aam a2200313 i 4500 |
| 001 - NÚMERO DE CONTROL |
| Campo de control |
768714001 |
| 003 - IDENTIFICADOR DEL NÚMERO DE CONTROL |
| Campo de control |
CO-MdFUSB |
| 005 - FECHA Y HORA DE LA ULTIMA TRANSACCIÓN |
| control field |
20210118112755.0 |
| 007 - CAMPO FIJO DE DESCRIPCIÓN FIJA--INFORMACIÓN GENERAL |
| Campo fijo de descripción fija |
ta |
| 008 - ELEMENTOS DE LONGITUD FIJA -- INFORMACIÓN GENERAL |
| Campo fijo de descripción fija -- Información general |
210118t1934 enk |||| |||| 00| 0 eng d |
| 020 ## - NÚMERO INTERNACIONAL NORMALIZADO PARA LIBROS |
| Número Internacional Normalizado del libro |
[No incluye ISBN] |
| 040 ## - FUENTE DE CATALOGACIÓN |
| Idioma de catalogación |
spa. |
| Agencia de catalogación original |
CO-MdFUSB |
| Agencia que realiza la transcripción |
CO-MdFUSB |
| Agencia que realiza la modificación |
CO-MdFUSBC |
| Convenciones de la descripción |
rda |
| 041 ## - CÓDIGO DE IDIOMA |
| Código de idioma para texto/pista de sonido o título separado |
eng |
| 082 ## - NÚMERO DE CLASIFICACIÓN DECIMAL DEWEY |
| Número de la edición del Dewey |
23 |
| Número de clasificación |
231.3 |
| Clave de autor-Numero de item |
ST923 |
| 100 ## - ASIENTO PRINCIPAL--NOMBRE PERSONAL |
| Nombre personal |
Strong, Edmund Linwood, |
| Término relacionador |
autor |
| 245 14 - TÍTULO |
| Título del Material |
The revelation of the Holy Spirit |
| Mención de responsabilidad, etc. |
/ Edmund Linwood Strong |
| 264 #1 - PRODUCCIÓN, PUBLICACIÓN, DISTRIBUCIÓN, MANUFACTURA, Y COPYRIGHT |
| Lugar de producción, publicación, distribución, manufactura |
London : |
| Nombre del productor, publicador, distribuidor |
SPCK, |
| Fecha de producción, publicación, distribución, manufactura, o copyright |
[1934] |
| 264 #4 - PRODUCCIÓN, PUBLICACIÓN, DISTRIBUCIÓN, MANUFACTURA, Y COPYRIGHT |
| Fecha de producción, publicación, distribución, manufactura, o copyright |
© 1934 |
| 300 ## - DESCRIPCIÓN FÍSICA |
| Extensión |
234 páginas |
| Dimensiones |
; 20 cm |
| 336 ## - TIPO DE CONTENIDO |
| Término de tipo de contenido |
texto |
| Código de tipo de contenido |
txt |
| Fuente |
rdacontent |
| 337 ## - TIPO DE MEDIO |
| Fuente |
rdamedia |
| Nombre del tipo de medio |
sin mediación |
| Código del tipo de medio |
n |
| 338 ## - TIPO DE SOPORTE |
| Fuente |
rdacarrier |
| Nombre del tipo de soporte |
volumen |
| Código Tipo de soporte |
nc |
| 505 ## - NOTA DE CONTENIDO |
| Nota de contenido con formato preestablecido |
La doctrina del Espíritu Santo expresada en los credos - La doctrina del Espíritu Santo en la Biblia - La revelación del Espíritu - Los libros apócrifos y otros escritos no canónicos entre el Antiguo y el Nuevo Testamento - La doctrina del Espíritu Santo en el Nuevo Testamento - En los evangelios sinópticos - En Hechos - La enseñanza de San Pablo - La enseñanza de otros escritos neotestamentarios - La enseñanza del cuarto evangelio - El gran discurso - La oración de Cristo - Breve resumen de la doctrina del Espíritu en el Nuevo Testamento - La doctrina de la trinidad - Lo que implica la creencia en el Espíritu Santo - La conexión entre la doctrina del Espíritu Santo y el misticismo - Enseñanza en el Nuevo Testamento que parece contradecir la verdad que Dios es totalmente amor. |
| 563 ## - NOTA DE ENCUADERNACIÓN |
| Nota de encuadernación |
Pasta dura |
| 650 #0 - ASIENTO SECUNDARIO DE MATERIA - TERMINO TEMÁTICO |
| 9 (RLIN) |
50 |
| Término temático o nombre geográfico como elemento de entrada |
Espíritu Santo |
| 942 ## - TIPO DE MATERIAL (KOHA) |
| Tipo de Item KOHA |
Libros General |
| 945 ## - INFORMACIÓN LOCAL DEL REGISTRO |
| Catalogador |
JTF-925 |